Compo RCT finale H-Cup 2014 - Statistiques

Statistiques générales
  • Ce quiz a été pris 93 fois
  • Le résultat moyen est 13 sur 23
Statistiques - réponses
Hint Réponse % Correct
10 Wilkinson
96%
8 Armitage
92%
15 Armitage
92%
13 Bastareaud
86%
12 Giteau
82%
11 Habana
81%
9 Tillous-Borde
81%
14 Mitchell
79%
4 Botha
75%
7 Fernandez Lobbe
69%
6 Smith
68%
3 Hayman
62%
21 Mermoz
53%
1 Chiocci
48%
19 Williams
48%
16 Orioli
40%
23 Suta
38%
2 Burden
27%
18 Castrogiovanni
25%
20 Bruni
19%
5 Rossouw
19%
17 Menini
18%
22 Claassens
16%
Aucun quiz correspondant
Distribution des résultats
% des personnes avec chaque résultat
Percentile par nombre de réponses
Votre historique - résultats
Vous n’avez pas pris ce quiz